Top 10 Safest & Dangerous Countries - Statistics

General Stats
  • This quiz has been taken 172 times
    169 since last reset
  • The average score is 12 of 20
Answer Stats
Country % Correct
Iceland
82%
Syria
75%
Afghanistan
74%
Japan
73%
Denmark
71%
Switzerland
71%
Russia
68%
Ireland
63%
Sudan
63%
New Zealand
59%
Yemen
58%
South Sudan
55%
Ukraine
55%
Singapore
53%
Austria
51%
Israel
51%
Democratic Republic of the Congo
50%
Portugal
41%
Mali
39%
Slovenia
31%
No matching quizzes found
Score Distribution
Percent of People with Each Score
Percentile by Number Answered
Your Score History
You have not taken this quiz since the last reset